Statistics for Arsenal All-Time Greatest XI

Click here to take the quiz!

General Stats

  • This quiz has been taken 1,027 times
  • The average score is 9 of 11

Answer Stats

Position:Nationality:Years Active:Player:% Correct
ForwardFrance1999-2007/2012Thierry Henry
99%
ForwardNetherlands1995-2006Dennis Bergkamp
95%
GoalkeeperEngland1990-2003David Seaman
94%
MidfielderFrance1996-2005Patrick Vieira
93%
MidfielderFrance2000-2006Robert Pirès
88%
DefenderEngland1983-2002Tony Adams
86%
DefenderEngland2001~2010Sol Campbell
84%
MidfielderSweden1998-2007Fredrik Ljungberg
78%
DefenderEngland1987-2002Lee Dixon
64%
DefenderEngland1987-2000Nigel Winterburn
51%
MidfielderIreland1973-1980Liam Brady
39%

Score Distribution

Percentile by Number Answered

Percent of People with Each Score

Your Score History

You have not taken this quiz